000 00909nam a2200229 a 4500
001 47806
003 BD-RjUL
005 20211209054410.0
008 160810s2009 bg ||||| |||| 00| 0 ben d
020 _a9840747762
_c: Tk. 140.00
035 _a(BD-RjUL)47925
040 _aBD-RjUL
_bben
_cBD-RjUL
041 _aben
082 _223
_a789.095492
_bHOR 2009
100 1 _aহোসেন, মোঃ মোতাহার
_9145148
245 1 0 _aরংপুর ও সিলেট গীতিকায় বিধৃত সমাজ ও সংস্কৃতি /
_cমোঃ মোতাহার হোসেন
260 _aঢাকা :
_bবাংলা একাডেমী,
_c২০০৯
300 _a[৯], ২২২ পৃ. ;
_c২১ সেমি.
650 _aলোকসঙ্গীত
_zবাংলাদেশ
_9123859
650 _aFolk song
_zBangladesh
_9145149
942 _2ddc
_cBK
999 _c47806
_d47806